| 000 | 01946nam a2200421 c 4500 | ||
|---|---|---|---|
| 001 | 58000 | ||
| 003 | CO-BoRNBP | ||
| 005 | 20250813223133.0 | ||
| 007 | ta | ||
| 008 | 140531s2013 ve a|||br||| 00| 0jsspadd | ||
| 020 |
_a9588841097 _qISBN 10 |
||
| 020 |
_a9789588841090 _qISBN 13 |
||
| 040 |
_aCO-BoRNBP _bspa _erda _cCO-BoRNBP |
||
| 041 | 1 |
_aspa _heng |
|
| 043 | _ae-ne--- | ||
| 084 | _aC | ||
| 100 | 1 |
_aVelthuijs, Max, _d1923-2005 _eaut |
|
| 245 | 1 | 0 |
_aSapo y el forastero / _cMax Velthuijs ; traducción Carmen Diana Dearden. |
| 250 |
_aPrimera edición _bEdición especial para el Ministerio de Cultura |
||
| 264 | 1 |
_aCaracas, Venezuela : _bEkaré, _c2013 |
|
| 300 |
_a[28] páginas sin numerar : _bilustraciones a color |
||
| 336 |
_atexto _btxt _2rdacontenido |
||
| 337 |
_asin mediación _bn _2rdamedio |
||
| 338 |
_avolumen _bnc _2rdasoporte |
||
| 490 | 0 | _aColección para la Primera Infancia del Ministerio de Cultura - Primera Infancia 2013 | |
| 500 | _aIncluye datos biográficos del autor | ||
| 520 | _aUn forastero ha hecho su campamento a la orilla del bosque y, mientras todos aseguran que no es como ellos, Sapo decide averiguarlo él mismo. Para la sorpresa de todos, Rata habla varios idiomas y cuenta cosas maravillosas de sus andanzas por el mundo. Esta oportuna historia nos recuerda que la diversidad es fuente de riquezas | ||
| 521 | _aRecomendado para niños a partir de 4 a 6 años | ||
| 534 | _tFrog and stranger | ||
| 650 | 0 | 4 |
_aCuentos infantiles holandeses _vlibros ilustrados para niños _2LEMB _962203 |
| 650 | 0 | 7 |
_aDiferencias individuales en niños _xrespeto por las personas _2LEMB _962204 |
| 650 | 0 | 4 |
_aLiteratura infantil holandesa _ysiglo xx _2LEMB |
| 650 | 0 | 7 |
_aMiedo en la literatura _2lemb _92179 |
| 655 |
_aLibros ilustrados infantiles _9324721 |
||
| 700 | 1 |
_aDearden, Carmen Diana, _d1942- _etrl _960737 |
|
| 830 | 0 | _aPlan Nacional de Lectura y Escritura Leer es mi cuento | |
| 942 |
_2loc _cBKLITI |
||
| 999 |
_c58000 _d58000 |
||